| 000 | 00637nam a22002057a 4500 | ||
|---|---|---|---|
| 003 | OSt | ||
| 005 | 20140310183017.0 | ||
| 008 | 130212t xxu||||| |||| 00| 0 eng d | ||
| 020 | _a9715423469 | ||
| 050 |
_aN 72.F45 _b.D262 2002 |
||
| 100 | _aDatuin, Flaudette May V. | ||
| 245 |
_aHome body memory : _cFlaudette May V. Datuin. _bFilipina artists in the visual arts, 19th century to the present / |
||
| 260 |
_aDiliman, Quezon City : _bUniversity of the Philippines Press, _c2002. |
||
| 300 |
_axii, 312 p. : _c23 cm. |
||
| 521 | _aMA | ||
| 650 | _aFeminism and art. | ||
| 942 |
_2lcc _cBK _kLOC |
||
| 999 |
_c18321 _d18321 |
||